Statistics for Countries Closest to Samoa

Click here to take the quiz!

General Stats

  • This quiz has been taken 187 times
  • The average score is 15 of 16

Answer Stats

DistanceAnswer% Correct
3,751 kmNew Zealand
100%
5,698 kmAustralia
99%
4,802 kmPapua New Guinea
95%
3,964 kmFederated States of Micronesia
93%
890 kmTonga
93%
4,138 kmUnited States
93%
2,920 kmMarshall Islands
92%
2,700 kmNauru
92%
1,188 kmTuvalu
92%
1,129 kmFiji
90%
3,018 kmSolomon Islands
90%
6,310 kmPalau
89%
5,445 kmIndonesia
88%
2,236 kmVanuatu
88%
2,396 kmKiribati
85%
6,732 kmEast Timor
78%

Score Distribution

Percentile by Number Answered

Percent of People with Each Score

Your Score History

You have not taken this quiz